Mayores goleadores Athletic Club Bilbao - Estadísticas

Estadísticas generales
  • Esta prueba ha sido intentada 86 veces
  • La puntuación promedio es 6 de 15
Estadísticas de respuestas
Goles Jugador % Correcto
172 Aritz Aduriz
97%
335 Telmo Zarra
87%
118 Fernando Llorente
76%
116 Julen Guerrero
69%
199 Dani Ruíz-Bazán
37%
129 Ismael Urzaiz
37%
150 Agustín Piru Gainza
32%
118 Manu Sarabia
23%
165 José Luis Panizo
20%
141 Agustín Sauto Bata
19%
119 Rafael Iriondo
16%
146 Guillermo Gorostiza
15%
120 Fidel Uriarte
12%
171 Eneko Arieta
9%
134 José Luis Artetxe
8%
No se encontraron pruebas coincidentes
Distribución de puntuación
Porcentaje de gente con cada puntuación
Porcentaje por número respondido
Historial de tus puntuaciones
No has intentado esta prueba.